Sobre el razonamiento judicial

Furkejuvvon:
Bibliográfalaš dieđut
Váldodahkki: Asís Roig, Rafael de
Materiálatiipa: Girji
Giella:espánnjágiella
Almmustuhtton: Madrid McGraw Hill 1998
Ráidu:Colección Monografía Ciencias Jurídicas
Fáttát:
Fáddágilkorat: Lasit fáddágilkoriid
Eai fáddágilkorat, Lasit vuosttaš fáddágilkora!

MARC

LEADER 00000nam a2200000 a 4500
001 UCP0737
003 CL-VaPUC
008 990319e19980000SP |||||||||||||||||spa|d
082 0 4 |a 340.1  |b ASI  |2 21 
100 |a Asís Roig, Rafael de  |9 608565 
245 1 0 |a Sobre el razonamiento judicial 
300 |a 224 p 
942 |c BK 
945 |d 19990319 00:00:00  |a aarredon 
260 |a Madrid  |b McGraw Hill  |c 1998 
650 7 |a SISTEMA JURIDICO  |2 CL-VaPUC  |9 426238 
650 0 |a Filosofía del derecho   |9 255050 
650 0 |a Razonamiento  |9 256520 
650 0 |a Justicia   |9 255408 
583 |a last modification  |c 20161026 06:57:01  |k Rodrigo Vera 
490 0 |a Colección Monografía Ciencias Jurídicas 
999 |c 279488  |d 279486 
952 |0 0  |1 0  |4 0  |6 340_100000000000000_ASI_1998  |7 0  |8 A  |9 319032  |a BIBDER  |b BIBDER  |d 2019-11-20  |i 350560K  |o 340.1 ASI 1998  |p 350560K  |r 2023-01-25  |w 2019-11-20  |y BK  |k DER